| 000 | 01099cam a22003377a 4500 | ||
|---|---|---|---|
| 003 | CHAP | ||
| 005 | 20220329133741.0 | ||
| 008 | 971013s1983 r 00010 d | ||
| 010 | _a10331 | ||
| 011 | _a11303 | ||
| 035 | _a10541 | ||
| 040 | _cCHAP | ||
| 090 | _aTesis | ||
| 100 | 0 | 0 |
_aBáez Hernández, Gustavo. _913254 |
| 245 | 1 | 3 | _aLa avicultura de México; transnacionales y monopolio |
| 260 |
_aMéxico, D. F. : _bEl autor, _c1983 |
||
| 300 | _a145 h | ||
| 502 | _aTesis (Lic. en Economía) UNAM. Facultad de Economía | ||
| 590 |
_aALEPH _b10 _c20130110 _lUCH01 _h1227 |
||
| 590 |
_aBATCH-UPD _b10 _c20130110 _lUCH01 _h0031 |
||
| 590 |
_aBATCH-UPD _b10 _c20130110 _lUCH01 _h2320 |
||
| 590 |
_aBATCH-UPD _b10 _c20130409 _lUCH01 _h2014 |
||
| 590 |
_aBATCH-UPD _b10 _c20130410 _lUCH01 _h1610 |
||
| 590 |
_aBATCH-UPD _b10 _c20130914 _lUCH01 _h0453 |
||
| 590 |
_aBATCH-UPD _b10 _c20130914 _lUCH01 _h2125 |
||
| 590 |
_aCONVERSION _b10 _c20130109 _lUCH01 _h1307 |
||
| 650 | 1 | 4 |
_aAvicultura _xAspectos económicos _xMéxico. _98709 |
| 901 | _aBK | ||
| 942 | _cTESIS | ||
| 949 |
_bBC _cTES _d-22208 _eTS1 _i10541 _si |
||
| 999 |
_c10331 _d10331 |
||